| 000 | 01683nam a2200445Ii 4500 | ||
|---|---|---|---|
| 001 | DIGDYK0946 | ||
| 003 | NyNyDIG | ||
| 006 | m o d | ||
| 007 | cr ||||||||||| | ||
| 008 | 220226s2015 sp a ob 000 0 spa d | ||
| 035 | _a(OCoLC)951593720 | ||
| 040 |
_aDGITA _beng _erda _epn _cDGITA |
||
| 020 |
_a9788490855416 _qeBook _qpdf |
||
| 020 | _z9788490314128 | ||
| 050 | 1 | 4 | _aLB1028.3 ebook |
| 082 | 0 | 4 | _a303.4833 |
| 245 | 0 | 0 |
_aTIC y web 2.0 para la inclusión social y el desarrollo sostenible / _ccoordinadores, Domingo J. Gallego [and 3 others] |
| 264 | 1 |
_aMadrid : _bDykinson, S.L., _c[2015] |
|
| 300 |
_a1 online resource : _billustrations. |
||
| 336 |
_atext _btxt _2rdacontent |
||
| 337 |
_acomputer _bc _2rdamedia |
||
| 338 |
_aonline resource _bcr _2rdacarrier |
||
| 347 |
_atext file _2rdaft |
||
| 347 | _bPDF | ||
| 504 | _aIncludes bibliographical references. | ||
| 588 | 0 | _aOnline resource; title from PDF title page (Digitalia, viewed February 26, 2022) | |
| 650 | 0 | _aSocial integration. | |
| 650 | 0 | _aSustainable development. | |
| 650 | 0 | _aEducational technology. | |
| 650 | 0 |
_aWeb 2.0 _xSocial aspects. |
|
| 650 | 0 |
_aInformation technology _xSocial aspects. |
|
| 655 | 0 | _aElectronic books. | |
| 700 | 1 |
_aGallego Gil, Domingo José, _eeditor. |
|
| 791 | 2 |
_aDigitalia (Firm), _edistributor. |
|
| 793 | 0 |
_gDigitalia eBook Collection: _aDykinson Editorial |
|
| 776 | 0 | 8 |
_iPrint version: _tTIC y web 2.0 para la inclusión social y el desarrollo sostenible. _dMadrid : Dykinson S.L., [2015] _z9788490314128 |
| 856 | 4 | 0 |
_3Digitalia Hispánica _uhttps://www.digitaliapublishing.com/a/42508/ |
| 910 | _aPremium collection: 2022 | ||
| 942 | _cRAA | ||
| 999 |
_c247306 _d247306 |
||